000 00702nam a22002177a 4500
003 OSt
005 20260317171500.0
008 260317b |||||||| |||| 00| 0 eng d
020 _a9788178242026
040 _beng
_cHDL
082 _a294.5 P4
100 1 _aRai, Mridu,
_eauthor.
245 1 0 _aHindu rulers, Muslim subjects :
_bIslam, rights, and the history of Kashmir /
_cMridu Rai.
260 _aNew Delhi;
_bPermanent black,
_c2004.
300 _a335 pages ;
_c22 cm
650 0 _aJammu and Kashmir (India)
_xPolitics and government.
_91132357
650 0 _aMuslims
_zIndia
_zJammu and Kashmir
_xGovernment relations.
_91132358
651 _aIndia
942 _2CC
_cTEXL
_n0
999 _c1715639
_d1715639